000 00434nam a2200181Ia 4500
001 24760
005 20260414151105.0
008 260414t2010||||xx |||||||||||||| ||spa||
041 _aESP
082 _a345.733
_bE382 T. 2
100 _aEtchegaray, Natalio Pedro
_eAUT
245 0 _aDerecho registral inmobiliario
_b
260 _c2010
300 _a383 p
_c23 cm.
650 _aDER
654 _aCDE
942 _cLIB
_dJUS
_fJUS
_2ddc
_n
999 _c24760
_d24760